[Event "Prague Summer op"]
[White "Walek, Petr"]
[Black "Toure, Ananth"]
[Site "Prague"]
[Round "3"]
[Result "1-0"]
[Date "2024.08.04"]
[WhiteElo "2283"]
[BlackElo "2073"]
[PlyCount "83"]
[EventDate "2024.08.02"]
[EventType "swiss"]
[EventRounds "9"]
[EventCountry "CZE"]
[SourceTitle "CBM 221 Extra"]
[Source "ChessBase"]
[SourceDate "2024.09.30"]
[SourceVersion "1"]
[SourceVersionDate "2024.09.30"]
[SourceQuality "1"]

1. e4 e5 2. d4 exd4 3. Qxd4 Nc6 4. Qd3 g6 5. Nc3 Bg7 6. Bf4 d6 7. 0-0-0 Nge7 8. Qd2 h6 9. h4 Be6 10. Nf3 a6 11. Nd5 Qd7 12. Bc4 0-0-0 13. Rhe1 Kb8 14. Re3 f5 15. Nb6 cxb6 16. Qxd6+ Qxd6 17. Rxd6 Bxc4 18. Rxc6+ Ka7 19. Rxc4 fxe4 20. Rexe4 Rd7 21. Re6 Rhd8 22. c3 b5 23. Rce4 Nd5 24. Rxg6 b4 25. Bxh6 Bxh6+ 26. Rxh6 bxc3 27. Rd4 cxb2+ 28. Kxb2 Rc7 29. Rh5 Rc5 30. Nd2 Nb6 31. Rxd8 Rxh5 32. Nf3 Rc5 33. Rd4 Nc4+ 34. Kc3 Ne3+ 35. Kd3 Nxg2 36. Rg4 Rf5 37. Ke4 Nxh4 38. Rxh4 Ra5 39. Nd4 Rxa2 40. f4 a5 41. f5 Rg2 42. f6 1-0

[Event "Prague Summer op 9th"]
[White "Sorm, Daniel"]
[Black "Toure, Ananth"]
[Site "Prague"]
[Round "3"]
[Result "1-0"]
[Date "2022.08.07"]
[WhiteElo "2308"]
[BlackElo "2060"]
[PlyCount "61"]
[EventDate "2022.08.05"]
[EventType "swiss"]
[EventRounds "9"]
[EventCountry "CZE"]
[SourceTitle "CBM 209 Extra"]
[Source "ChessBase"]
[SourceDate "2022.09.30"]
[SourceVersion "1"]
[SourceVersionDate "2022.09.30"]
[SourceQuality "1"]

1. d4 d5 2. e3 Nf6 3. Bd3 c6 4. Nd2 Nbd7 5. f4 g6 6. Ngf3 Bg7 7. 0-0 0-0 8. Qe1 Nb6 9. Qh4 Bf5 10. Bxf5 gxf5 11. Ne5 e6 12. Qh3 Nc8 13. Ndf3 Ne4 14. Bd2 c5 15. Be1 c4 16. Nd2 Nxd2 17. Bxd2 f6 18. Nf3 a5 19. Kh1 Qe8 20. Rg1 Qg6 21. g4 Nd6 22. Nh4 Qh6 23. gxf5 Nxf5 24. Rg4 Rf7 25. Rag1 b6 26. Be1 Raa7 27. Qf3 Nd6 28. f5 exf5 29. R4g2 Rad7 30. Qxd5 Kh8 31. Qa8+ 1-0

[Event "Cattolica Halloween op"]
[White "Toure, Ananth"]
[Black "Ermeni, Avni"]
[Site "Cattolica"]
[Round "5"]
[Result "0-1"]
[Date "2021.10.30"]
[WhiteElo "2014"]
[BlackElo "2147"]
[PlyCount "52"]
[EventDate "2021.10.27"]
[EventType "swiss"]
[EventRounds "9"]
[EventCountry "ITA"]
[SourceTitle "CBM 204 Extra"]
[Source "ChessBase"]
[SourceDate "2021.11.30"]
[SourceVersion "1"]
[SourceVersionDate "2021.11.30"]
[SourceQuality "1"]

1. e4 e5 2. Nf3 Nc6 3. Bc4 Nf6 4. d3 h6 5. c3 g6 6. a4 Bg7 7. a5 a6 8. Nbd2 0-0 9. Nf1 d5 10. exd5 Nxd5 11. Ng3 b5 12. axb6 cxb6 13. 0-0 Bb7 14. Re1 Nde7 15. Be3 Qc7 16. d4 b5 17. Ba2 exd4 18. cxd4 Nb4 19. Bb3 Nbd5 20. Rc1 Qb6 21. Ne5 Rad8 22. Rc5 Bxe5 23. dxe5 Nxe3 24. Qc1 Nxg2 25. Qxh6 Nxe1 26. Nh5 Nf5 0-1

[Event "Cattolica Halloween op"]
[White "Toure, Ananth"]
[Black "Fischer, Daniel1"]
[Site "Cattolica"]
[Round "1"]
[Result "0-1"]
[Date "2021.10.27"]
[WhiteElo "2014"]
[BlackElo "2265"]
[PlyCount "72"]
[EventDate "2021.10.27"]
[EventType "swiss"]
[EventRounds "9"]
[EventCountry "ITA"]
[SourceTitle "CBM 204 Extra"]
[Source "ChessBase"]
[SourceDate "2021.11.30"]
[SourceVersion "1"]
[SourceVersionDate "2021.11.30"]
[SourceQuality "1"]

1. e4 c5 2. Nf3 e6 3. d4 cxd4 4. Nxd4 a6 5. c4 Nf6 6. Nc3 Qc7 7. a3 Nc6 8. Be3 Be7 9. Be2 d6 10. f3 Bd7 11. 0-0 0-0 12. Rc1 Rac8 13. b4 Nxd4 14. Qxd4 Qb8 15. a4 a5 16. bxa5 Qa8 17. Qd2 Be8 18. Nb5 Rc6 19. Bg5 Qb8 20. Rfd1 Ra6 21. Qb4 e5 22. Rb1 Bd7 23. Be3 Rc8 24. Bb6 Ne8 25. Qd2 Be6 26. Rdc1 Bd8 27. Nc3 Bxc4 28. Bxc4 Bxb6+ 29. axb6 Rxc4 30. Nd5 Raxa4 31. Qd3 Rxc1+ 32. Rxc1 Qd8 33. Qb5 Ra8 34. Rc7 Ra1+ 35. Kf2 Qh4+ 36. Ke3 Qe1+ 0-1

[Event "Small Paris-ch"]
[White "Toure, Ananth"]
[Black "Akulyan, Lyova"]
[Site "Paris"]
[Round "4"]
[Result "1-0"]
[Date "2015.07.09"]
[WhiteElo "1954"]
[BlackElo "1885"]
[PlyCount "93"]
[EventDate "2015.07.06"]
[EventType "swiss"]
[EventRounds "7"]
[EventCountry "FRA"]
[SourceTitle "EXT 2016"]
[Source "ChessBase"]
[SourceDate "2015.10.08"]
[SourceVersion "1"]
[SourceVersionDate "2015.10.08"]
[SourceQuality "1"]

1. d4 d5 2. e3 Nf6 3. Bd3 b6 4. f4 Bb7 5. Nf3 e6 6. Nbd2 c5 7. c3 Nc6 8. 0-0 Ng4 9. Qe2 f5 10. Ne5 Ncxe5 11. fxe5 g6 12. Bb5+ Kf7 13. Qxg4 h5 14. Qe2 Kg8 15. Bd3 c4 16. Bc2 g5 17. Qf2 Qe7 18. b3 b5 19. a4 a6 20. axb5 axb5 21. Rxa8 Bxa8 22. bxc4 bxc4 23. Bb2 g4 24. Ra1 Bc6 25. Ba3 Qa7 26. Bb2 Qe7 27. Qe1 Qg5 28. Ra6 Bd7 29. Ra7 Be8 30. Nf1 h4 31. Qf2 g3 32. hxg3 h3 33. gxh3 Rxh3 34. Ra8 Bc6 35. Rc8 Bd7 36. Rb8 Kf7 37. Bd1 Qh6 38. Bf3 Ba4 39. Bc1 Be7 40. Bg2 Rh5 41. g4 Bh4 42. Qf3 Rg5 43. e4 dxe4 44. Bxg5 exf3 45. Bxh6 fxg4 46. Bxf3 gxf3 47. Be3 1-0